| 000 | 00703nam a2200253Ia 4500 | ||
|---|---|---|---|
| 003 | OSt | ||
| 005 | 20221005032500.0 | ||
| 006 | a|||||r|||| 00| 0 | ||
| 007 | ta | ||
| 008 | 221004b |||||||| |||| 00| 0 tam d | ||
| 020 | _c2.00 | ||
| 024 | _a64959 | ||
| 037 | _cTextual | ||
| 040 |
_aCRL _cCRL _btam |
||
| 041 |
_2tam _atam |
||
| 082 | _aO111,1M09,1, 31w3K5 | ||
| 100 |
_aNadarasa Gurukkal T.S. Au. _9585182 |
||
| 245 | 0 | _aKavidhai Kadhaikal | |
| 260 |
_aChidambaram _bMurugam Pathippagam India _c1965 |
||
| 300 |
_a117p. _ccm. |
||
| 650 | _aTAMIL LITERATURE | ||
| 942 |
_hO111,1M09,1, 31w3K5 _cTEXL _2cc |
||
| 999 |
_c939811 _d939811 |
||